Indian Heritage / (Record no. 160457)

MARC details
000 -LEADER
fixed length control field 00445nam a22001697a 4500
005 - DATE AND TIME OF LATEST TRANSACTION
control field 20190130144532.0
010 ## - LCCN (DPL NO)
LC control number B-160109
020 ## - INTERNATIONAL STANDARD BOOK NUMBER
International Standard Book Number 812301158
Terms of availability 90.00
035 ## - SYSTEM CONTROL NUMBER
System control number B-160109
037 ## - SOURCE OF ACQUISITION
Source of stock number/acquisition Publication Division
082 ## - DEWEY DECIMAL CLASSIFICATION NUMBER
Classification number 954
100 ## - MAIN ENTRY--PERSONAL NAME
Personal name Sahai, Baldeo
245 ## - TITLE STATEMENT
Title Indian Heritage /
Statement of responsibility, etc Baldeo Sahai
260 ## - PUBLICATION, DISTRIBUTION, ETC. (IMPRINT)
Place of publication, distribution, etc New Delhi
Name of publisher, distributor, etc Publication Division
Date of publication, distribution, etc 2005
300 ## - PHYSICAL DESCRIPTION
Extent 93p.
Dimensions 22cm(hbk)
942 ## - ADDED ENTRY ELEMENTS (KOHA)
Source of classification or shelving scheme Dewey Decimal Classification
Item type English Books
Classification part 954
Call number suffix SAH
Holdings
Withdrawn status Lost status Not for loan Collection code Home library Current library Date acquired Full call number Barcode Koha item type
      Non-fiction Sarojini Nagar Sarojini Nagar 30/01/2019 954 SAH B-160109 English Books

© Delhi Public Library
Hit Counter
free hit counter